00334nam a22001217a 450000500170000002000220001703500130003903700130005224500550006525000160012026000520013630000240018820120417130333.0 a8170461243c00.00 aA-712418 aDPLbENG aPeople of India :bMizoram /cedited by K.S. Singh aVol. XXXIII aCalcuttabAnthropological Survey of Indiac1995 axvi, 219p.c22 cms.